Bài tập tin học đại cương Turbo Pascal
Sách gồm 11 chương, từ chương 1 đến chương 3 ôn lại các thuật toán, thành phần cơ bản của Pascal và các lệnh của Pascal; các chương còn lại giới thiệu các dạng bài tập của Pascal. Sách còn giới thiệu một số đề thi tin học đại cương (phần...
Đã lưu trong:
| Príomhúdar: | |
|---|---|
| Formáid: | Leabhar |
| Teanga: | Undetermined |
| Foilsithe: |
H.
Giáo dục
2006
|
| Ábhair: | |
| Rochtain Ar Líne: | http://lrc.tdmu.edu.vn/opac/search/detail.asp?aID=2&ID=6682 |
| Clibeanna: |
Cuir Clib Leis
Gan Chlibeanna, Bí ar an gcéad duine leis an taifead seo a chlibeáil!
|
| Thư viện lưu trữ: | Trung tâm Học liệu Trường Đại học Thủ Dầu Một |
|---|
| LEADER | 01150nam a2200205Ia 4500 | ||
|---|---|---|---|
| 001 | TDMU_6682 | ||
| 008 | 210410s9999 xx 000 0 und d | ||
| 082 | |a 005.13076 | ||
| 090 | |b T450 | ||
| 100 | |a Tô, Văn Nam | ||
| 245 | 0 | |a Bài tập tin học đại cương Turbo Pascal | |
| 245 | 0 | |c Tô Văn Nam | |
| 260 | |a H. | ||
| 260 | |b Giáo dục | ||
| 260 | |c 2006 | ||
| 300 | |a 156tr. | ||
| 520 | |a Sách gồm 11 chương, từ chương 1 đến chương 3 ôn lại các thuật toán, thành phần cơ bản của Pascal và các lệnh của Pascal; các chương còn lại giới thiệu các dạng bài tập của Pascal. Sách còn giới thiệu một số đề thi tin học đại cương (phần Pascal) trong thời gian gần đây của các trường đại học để bạn đọc tham khảo. | ||
| 650 | |a Tin học đại cương |v Bài tập; Ngôn ngữ lập trình Pascal |v Bài tập | ||
| 856 | |u http://lrc.tdmu.edu.vn/opac/search/detail.asp?aID=2&ID=6682 | ||
| 980 | |a Trung tâm Học liệu Trường Đại học Thủ Dầu Một | ||